| 000 | 00410nam a2200181Ia 4500 | ||
|---|---|---|---|
| 005 | 20250423101354.0 | ||
| 008 | 250422s9999 xx 000 0 und d | ||
| 020 | _a0-440-16067-7 | ||
| 050 | _aPZ4.S5439/ | ||
| 100 | _aSheldon, Sidney | ||
| 245 | 4 | _aTHE OTHER SIDE OF MIDNIGHT | |
| 260 | _aNew York | ||
| 260 | _bDell Publishing | ||
| 260 | _c1977 | ||
| 300 | _a462 p | ||
| 650 | _aNovel | ||
| 942 | _cBK | ||
| 999 |
_c36115 _d36115 |
||